00811nam a2200193 a 450000100100000000500170001000800410002704000250006804100130009308200160010610000300012224502170015226000990036930000250046870000450049370000210053870000210055974000370058000003601020200930074810.0111122s1980 dr ac r 000 0 spa d aDO-SdBNPbspacBNPHU17aspaheng axxxxbP438c1 aPérez Montás, Eugenio10aCasas coloniales de Santo Domingo = Colonial houses of Santo Domingo /cEugenio Pérez Montás ; prólogo Rosa María Vicioso de Mayol ; fotografías, Onorio Montás ; dibujos, Francis Tezanos ... [et al.]. aSanto Domingo :bMuseo de las Casas RealesbVoluntariado del Museo de las Casas Reales,c1980. a275 p. :bils. retr.1 aVicioso de Mayol, Rosa María,epról.1 aMontás, Onorio1 aTezanos, Francis02aColonial houses of Santo Domingo